000 00317nam a22001337a 4500
008 170713b xxu||||| |||| 00| 0 eng d
020 _a9780756518738
041 _aeng
080 _a17
100 _a24
101 _aFIL
245 _aARISTOTLE PHILOSOPHER TEACHER AND SCIENCE
_cCOOPER.K.SH
942 _2udc
_cBK
999 _c20648
_d20648